000 00638cam a22002052 4500
001 0000006384
005 20151217152018.0
008 071025s xx 000 0 eng d
020 _a9966805826 :
_cKES 590
040 _aKABU
_cKABU
100 1 _aTuraki, Yusufu.
_@0000157887
245 1 0 _aFoundations of African traditional religion and worldview /
_cYusufu Turaki.
260 _aNairobi :
_bWordAlive,
_c2006.
300 _a128 p.
650 0 _aReligion and culture
_cAfrica.
_@0000157888
650 0 _aAfrica
_xReligion.
_@0000157889
852 1 _9p590 KES
908 _a071025
950 _@1
999 _c7307
_d7307